[Event "CZE-ch U16 Girls"]
[Site "Teplice"]
[Date "2023.03.12"]
[Round "2"]
[White "Archlebova, Stela"]
[Black "Sterikova, Marketa"]
[Result "1-0"]
[WhiteElo "1360"]
[BlackElo "1254"]
[PlyCount "57"]
[EventDate "2023.03.11"]
[EventType "swiss"]
[EventRounds "9"]
[EventCountry "CZE"]
[SourceTitle "CBM 213 Extra"]
[Source "ChessBase"]
[SourceDate "2023.05.31"]
[SourceVersion "1"]
[SourceVersionDate "2023.05.31"]
[SourceQuality "1"]

1. e4 e5 2. Bc4 Bc5 3. Nf3 d6 4. Nc3 Nf6 5. d3 0-0 6. Bg5 Be6 7. Bb3 Nc6 8. Qd2 Na5 9. Bxe6 fxe6 10. Na4 Bb6 11. Nxb6 axb6 12. 0-0 Qd7 13. h3 Nc6 14. Rfe1 Qf7 15. c3 h6 16. Bh4 Qg6 17. Bg3 Nh5 18. Nh4 Qf6 19. Nf3 Nxg3 20. fxg3 Qe7 21. a3 Rad8 22. d4 exd4 23. cxd4 d5 24. exd5 Rxd5 25. Rad1 Rfd8 26. Re4 Qd6 27. Qe3 Qxg3 28. Rxe6 Rh5 29. Re8+ 1-0